000 00573nam a2200205Ia 4500
001 14857
003 GE_BSU
008 181216s||||||||xx |||||||||||||| ||und||
040 _cGE_BSU
080 _a515.12
100 _aБурбаки,Н.
245 _aОбщая топология. Основные структуры
245 _cПод.ред.Д.А.Райкова
260 _aМосква
260 _bНаука
260 _c1968
300 _a272стр.22см.
653 _aОбщая топология. Основные структуры
942 _cBK
999 _c47979
_d47979